MANAGEMENT INFORMATION SYSTEM (Record no. 16252)
[ view plain ]
| 000 -LEADER | |
|---|---|
| fixed length control field | 00313nam a22001457a 4500 |
| 003 - CONTROL NUMBER IDENTIFIER | |
| control field | SGT |
| 020 ## - INTERNATIONAL STANDARD BOOK NUMBER | |
| International Standard Book Number | 9781259026713 |
| 082 ## - DEWEY DECIMAL CLASSIFICATION NUMBER | |
| Classification number | 658.40 |
| Item number | OBR |
| 100 ## - MAIN ENTRY--PERSONAL NAME | |
| Personal name | O'BRIEN, JAMES A. |
| 245 ## - TITLE STATEMENT | |
| Title | MANAGEMENT INFORMATION SYSTEM |
| 250 ## - EDITION STATEMENT | |
| Edition statement | 10TH |
| 260 ## - PUBLICATION, DISTRIBUTION, ETC. (IMPRINT) | |
| Name of publisher, distributor, etc | TATA MCGRAW HILL |
| Year of Publication | 2018 |
| 300 ## - PAGE DESCRIPTION | |
| No. of Pages | 954 |
| 942 ## - ADDED ENTRY ELEMENTS (KOHA) | |
| Source of classification or shelving scheme | Dewey Decimal Classification |
| Koha item type | Books |
| Withdrawn status | Lost status | Source of classification or shelving scheme | Damaged status | Not for loan | Collection code | Home library | Current library | Shelving location | Date acquired | Vendor Name | Cost, normal purchase price | SGTU | Bill Number | Total Checkouts | Full call number | Accession No. (Barcode) | Date last seen | Bill Date | Koha item type |
|---|---|---|---|---|---|---|---|---|---|---|---|---|---|---|---|---|---|---|---|
| Dewey Decimal Classification | COMMERCE MANAGEMENT | SGT Science & Social Sciences Library | SGT Science & Social Sciences Library | Text Book | 11/12/2018 | KIRTI PRAKASHAN | 795.00 | SGTU | IN1748 | 658.40 OBR | CM4831 | 11/12/2018 | Books | ||||||
| Dewey Decimal Classification | COMMERCE MANAGEMENT | SGT Science & Social Sciences Library | SGT Science & Social Sciences Library | Text Book | 11/12/2018 | KIRTI PRAKASHAN | 795.00 | SGTU | IN1748 | 658.40 OBR | CM4832 | 11/12/2018 | Books | ||||||
| Dewey Decimal Classification | COMMERCE MANAGEMENT | SGT Science & Social Sciences Library | SGT Science & Social Sciences Library | Text Book | 11/12/2018 | KIRTI PRAKASHAN | 795.00 | SGTU | IN1748 | 658.40 OBR | CM4833 | 11/12/2018 | Books | ||||||
| Dewey Decimal Classification | COMMERCE MANAGEMENT | SGT Science & Social Sciences Library | SGT Science & Social Sciences Library | Text Book | 11/12/2018 | KIRTI PRAKASHAN | 795.00 | SGTU | IN1748 | 658.40 OBR | CM4834 | 11/12/2018 | Books | ||||||
| Dewey Decimal Classification | COMMERCE MANAGEMENT | SGT Science & Social Sciences Library | SGT Science & Social Sciences Library | Text Book | 11/12/2018 | KIRTI PRAKASHAN | 795.00 | SGTU | IN1748 | 658.40 OBR | CM4835 | 11/12/2018 | Books |